[Event "World Blitz 2015"]
[Site "Berlin GER"]
[Date "2015.10.14"]
[Round "17.33"]
[White "Ivanisevic, Ivan"]
[Black "Ragger, Markus"]
[Result "1-0"]
[WhiteTitle "GM"]
[BlackTitle "GM"]
[WhiteElo "2653"]
[BlackElo "2698"]
[WhiteFideId "912417"]
[BlackFideId "1610856"]
[EventDate "2015.10.13"]

1. d4 d5 2. c4 c6 3. Nf3 Nf6 4. g3 g6 5. Qb3 Bg7 6. Bg2 O-O 7. Nc3 Qb6 8. O-O
Rd8 9. Na4 Qxb3 10. axb3 Nbd7 11. Bf4 Ne4 12. Bc7 Re8 13. cxd5 cxd5 14. Rfc1 b5
15. Nb6 Nxb6 16. Bxb6 a6 17. Rc7 Bg4 18. h3 Bxf3 19. Bxf3 e6 20. Bxe4 dxe4 21.
Rac1 Bf8 22. R1c6 Re7 23. Rc8 Re8 24. Rxe8 Rxe8 25. Bc5 Ra8 26. b4 a5 27. bxa5
Bxc5 28. Rxc5 Rxa5 29. e3 Kg7 30. b4 Ra1+ 31. Kg2 Rb1 32. Rxb5 f5 33. Rb7+ Kf6
34. b5 h5 35. h4 Rb2 36. b6 Rb1 37. Rb8 Kg7 38. f4 exf3+ 39. Kxf3 Rb2 40. e4
Rb3+ 41. Kf4 fxe4 42. Kxe4 Rxg3 43. Re8 Rb3 44. Rxe6 g5 45. hxg5 h4 46. Rh6 h3
47. d5 h2 48. Rxh2 Rxb6 49. Rc2 Kf7 50. Ke5 Ke7 51. Rc7+ Ke8 52. Rc6 Rb1 53. g6
Kd7 54. Kf6 Rf1+ 55. Kg7 Rf5 56. Rf6 Rxd5 57. Kf7 1-0

[Event "World Blitz 2015"]
[Site "Berlin GER"]
[Date "2015.10.14"]
[Round "17.34"]
[White "Ganguly, Surya Shekhar"]
[Black "Bogdanovich, Stanislav"]
[Result "0-1"]
[WhiteTitle "GM"]
[BlackTitle "IM"]
[WhiteElo "2652"]
[BlackElo "2590"]
[WhiteFideId "5002150"]
[BlackFideId "14115298"]
[EventDate "2015.10.13"]

1. e4 e5 2. Nf3 Nc6 3. Bb5 g6 4. c3 a6 5. Ba4 d6 6. d4 Bd7 7. O-O Bg7 8. Bg5 f6
9. Be3 Nh6 10. Bb3 Na5 11. Bc2 Nc6 12. Bb3 Na5 13. Bc2 Nc6 14. a4 Nf7 15. Nbd2
O-O 16. Qb1 Kh8 17. b4 Ne7 18. Nc4 Bg4 19. Nfd2 d5 20. exd5 Nxd5 21. dxe5 Nxc3
22. Qb3 Ne2+ 23. Kh1 fxe5 24. Be4 c6 25. Bb6 Qf6 26. Qe3 Nd4 27. f4 Nf5 28. fxe5
Nxe5 29. Qf4 Nxc4 30. Nxc4 Be2 31. Bxf5 Bxf1 32. Rxf1 Qxf5 33. Qxf5 Rxf5 34.
Rxf5 gxf5 35. Nd6 Bf8 36. Bd4+ Kg8 37. Nxf5 Bxb4 38. g4 b5 39. h4 bxa4 40. h5
Kf7 41. g5 a3 42. Nh6+ Ke6 43. g6 hxg6 44. hxg6 Bf8 45. g7 Bxg7 46. Bxg7 a2 47.
Kg2 Rb8 48. Kf3 Rb1 0-1

[Event "World Blitz 2015"]
[Site "Berlin GER"]
[Date "2015.10.14"]
[Round "17.35"]
[White "Safarli, Eltaj"]
[Black "Cheparinov, Ivan"]
[Result "1-0"]
[WhiteTitle "GM"]
[BlackTitle "GM"]
[WhiteElo "2657"]
[BlackElo "2681"]
[WhiteFideId "13402129"]
[BlackFideId "2905540"]
[EventDate "2015.10.13"]

1. e4 c5 2. Nf3 d6 3. d4 cxd4 4. Nxd4 Nf6 5. Nc3 a6 6. Be3 e5 7. Nf3 Be7 8. Nd2
b5 9. a4 b4 10. Nd5 Nxd5 11. exd5 O-O 12. a5 Nd7 13. Nc4 Rb8 14. Be2 f5 15. O-O
f4 16. Ba7 Rb7 17. Bb6 Nxb6 18. Nxb6 Rxb6 19. axb6 Qxb6 20. Bd3 g6 21. Be4 a5
22. Re1 Qc5 23. Qd3 Bd8 24. Re2 Kg7 25. c3 bxc3 26. Rc1 Qa7 27. Rxc3 Ba6 28. Qc2
Bxe2 29. Qxe2 Bb6 30. h4 Bc5 31. h5 Qd7 32. hxg6 hxg6 33. Rh3 Rf6 34. Kh1 Bd4
35. b3 Qc8 36. Qe1 Qg4 37. f3 Qc8 38. Kh2 Qc3 39. Qh4 Qc1 40. Qh8+ 1-0

[Event "World Blitz 2015"]
[Site "Berlin GER"]
[Date "2015.10.14"]
[Round "17.36"]
[White "Bocharov, Dmitry"]
[Black "Kryvoruchko, Yuriy"]
[Result "1/2-1/2"]
[WhiteTitle "GM"]
[BlackTitle "GM"]
[WhiteElo "2560"]
[BlackElo "2710"]
[WhiteFideId "4138716"]
[BlackFideId "14109182"]
[EventDate "2015.10.13"]

1. Nf3 Nf6 2. g3 b6 3. Bg2 Bb7 4. O-O e6 5. d3 d5 6. Nbd2 Be7 7. e4 dxe4 8. dxe4
O-O 9. e5 Nfd7 10. Re1 Nc6 11. a3 a5 12. b3 Nc5 13. Bb2 Qd7 14. Qe2 Rfd8 15.
Rad1 Qe8 16. h4 h6 17. Ne4 Nxe4 18. Qxe4 Rxd1 19. Rxd1 Rd8 20. Re1 Ba8 21. Qg4
Qf8 22. Bc1 Kh8 23. a4 Bb4 24. Rf1 Bc3 25. Bf4 Nd4 26. Nxd4 Rxd4 27. Rd1 Bxg2
28. Rxd4 Bxd4 29. Kxg2 Qc5 30. Qe2 Qc6+ 31. Kg1 Kg8 32. h5 Qc5 33. Kg2 Kf8 34.
g4 Ke7 35. f3 Kd7 36. Bg3 Kc8 37. Qe4 Kb8 38. f4 Qc3 39. f5 Qd2+ 40. Kh3 Qd1 41.
Kg2 Bc5 42. Kh3 exf5 43. Qxf5 Qh1+ 44. Bh2 Bg1 45. Qf4 Bxh2 46. Qxh2 Qe4 47. Qf2
Qxe5 48. Qxf7 Qc3+ 49. Kh4 Qe1+ 50. Kh3 Qc3+ 51. Kh4 Ka7 52. Qf5 Qd2 53. Kg3
Qe3+ 54. Kg2 Qc3 55. Qe4 Qf6 56. Qe2 Qf4 57. Qf3 Qd2+ 58. Qf2 Qb4 59. Qf3 Qd2+
60. Qf2 Qc3 61. Qe2 Qd4 62. Qf3 Qc5 63. Qe4 Qg5 64. Kf3 Qd2 65. Qc4 Qd1+ 66. Kf4
Qd6+ 67. Ke3 Qe5+ 68. Kd2 Qd6+ 69. Kc1 Qe5 70. Kb1 Kb8 71. Ka2 Kc8 72. Qd3 Qf6
73. Qe4 Kb8 74. Kb1 Ka7 75. Kc1 Kb8 76. Kd2 Ka7 77. Kd3 Qd6+ 78. Ke2 Qc5 79. Kf3
Qc3+ 80. Kg2 Qd2+ 81. Kf3 Qc3+ 82. Kf4 Qf6+ 83. Qf5 Qd4+ 84. Kf3 Qc3+ 85. Ke2
Qd4 86. Kf3 Qc3+ 87. Ke2 Qd4 88. Kf3 Qc3+ 89. Ke2 Qd4 90. Kf3 1/2-1/2

[Event "World Blitz 2015"]
[Site "Berlin GER"]
[Date "2015.10.14"]
[Round "17.37"]
[White "Roiz, Michael"]
[Black "Bauer, Christian"]
[Result "1-0"]
[WhiteTitle "GM"]
[BlackTitle "GM"]
[WhiteElo "2600"]
[BlackElo "2623"]
[WhiteFideId "2804158"]
[BlackFideId "603767"]
[EventDate "2015.10.13"]

1. Nf3 c5 2. c4 Nc6 3. Nc3 g6 4. e3 Bg7 5. d4 Nf6 6. d5 Na5 7. e4 d6 8. h3 O-O
9. Bd3 e6 10. O-O exd5 11. exd5 a6 12. Bf4 Nh5 13. Bg5 Qb6 14. Qd2 Bd7 15. Rac1
Rfe8 16. b3 Qb4 17. Ne4 Qb6 18. Rfe1 f5 19. Nxd6 Qxd6 20. Qxa5 f4 21. Rxe8+ Rxe8
22. Re1 Rxe1+ 23. Qxe1 Kf7 24. Bd8 Nf6 25. Ng5+ Kf8 26. Bxf6 Bxf6 27. Nxh7+ Kg7
28. Nxf6 Kxf6 29. Qc3+ Qe5 30. Qxe5+ Kxe5 31. Bxg6 f3 32. h4 Kf6 33. h5 fxg2 34.
Kxg2 1-0

[Event "World Blitz 2015"]
[Site "Berlin GER"]
[Date "2015.10.14"]
[Round "17.39"]
[White "Bologan, Viktor"]
[Black "Anton Guijarro, David"]
[Result "0-1"]
[WhiteTitle "GM"]
[BlackTitle "GM"]
[WhiteElo "2607"]
[BlackElo "2634"]
[WhiteFideId "13900048"]
[BlackFideId "2285525"]
[EventDate "2015.10.13"]

1. e4 g6 2. d4 Bg7 3. Nf3 d6 4. Bd3 Nc6 5. c3 e5 6. d5 Nce7 7. c4 Nf6 8. Nc3 O-O
9. O-O Nh5 10. Re1 a6 11. b4 f5 12. Ng5 Nf4 13. Bxf4 exf4 14. Rc1 c6 15. exf5
Nxf5 16. Ne6 Bxe6 17. dxe6 Qe7 18. Na4 f3 19. Qxf3 Bd4 20. Qg4 Bxf2+ 21. Kh1
Bxe1 22. Rxe1 Ng7 23. Nb6 Rae8 24. h4 Rf6 25. Nd5 cxd5 26. cxd5 Nh5 27. g3 Ref8
28. Be4 Kg7 29. Kg1 Rc8 30. Qg5 Rc3 31. Re3 h6 0-1

[Event "World Blitz 2015"]
[Site "Berlin GER"]
[Date "2015.10.14"]
[Round "17.41"]
[White "Zhang, Zhong"]
[Black "Al-Sayed, Mohammed"]
[Result "0-1"]
[WhiteTitle "GM"]
[BlackTitle "GM"]
[WhiteElo "2619"]
[BlackElo "2520"]
[WhiteFideId "8600694"]
[BlackFideId "12100196"]
[EventDate "2015.10.13"]

1. e4 c5 2. Nf3 d6 3. Bb5+ Bd7 4. Bxd7+ Qxd7 5. c4 Nf6 6. Nc3 Nc6 7. d4 cxd4 8.
Nxd4 g6 9. h3 Nxd4 10. Qxd4 Bg7 11. O-O O-O 12. Qd3 Qc6 13. Be3 Nd7 14. b3 Nc5
15. Qc2 Bxc3 16. Qxc3 Nxe4 17. Qb2 Rfe8 18. Rfe1 e5 19. Rad1 Re6 20. a4 a6 21.
a5 Rae8 22. Bb6 f5 23. Rd3 g5 24. Qa3 Rg6 25. f3 Nc5 26. Rd5 Nd7 27. Bf2 g4 28.
hxg4 fxg4 29. fxg4 Ree6 30. Red1 Rxg4 31. g3 Rgg6 32. c5 Rh6 33. cxd6 Nf6 34. d7
Nxd7 35. Qb2 Nf6 36. Rd8+ Re8 37. Kf1 Rh1+ 38. Ke2 Qe4+ 39. Be3 Rh2+ 40. Kf1
Rxb2 0-1

[Event "World Blitz 2015"]
[Site "Berlin GER"]
[Date "2015.10.14"]
[Round "17.42"]
[White "Wagner, Dennis"]
[Black "Vallejo Pons, Francisco"]
[Result "0-1"]
[WhiteTitle "GM"]
[BlackTitle "GM"]
[WhiteElo "2575"]
[BlackElo "2684"]
[WhiteFideId "24650684"]
[BlackFideId "2205530"]
[EventDate "2015.10.13"]

1. d4 f5 2. Bg5 g6 3. Nc3 Bg7 4. h4 Nc6 5. Nf3 h6 6. Bf4 Nf6 7. d5 e5 8. Bxe5
Nxe5 9. Nxe5 Ne4 10. Nxe4 fxe4 11. Nxg6 Bxb2 12. e3 Bc3+ 13. Ke2 Rg8 14. h5 d6
15. f3 Bxa1 16. Qxa1 Bf5 17. Nh4 Qg5 18. Qb2 O-O-O 19. Qd4 Kb8 20. fxe4 Bg4+ 21.
Kd2 Rdf8 22. Bd3 Rf2+ 23. Kc3 Bc8 24. Nf5 Rxg2 25. Rb1 b6 26. a4 Bxf5 27. exf5
Rg4 28. e4 Rf8 29. a5 Qd8 30. axb6 cxb6 31. Ba6 Rxf5 32. exf5 Rxd4 33. Kxd4 Qf6+
34. Kc4 Qxf5 35. Rd1 Qxc2+ 0-1

[Event "World Blitz 2015"]
[Site "Berlin GER"]
[Date "2015.10.14"]
[Round "17.43"]
[White "Lagno, Kateryna"]
[Black "Salem, A.R. Saleh"]
[Result "1/2-1/2"]
[WhiteTitle "GM"]
[BlackTitle "GM"]
[WhiteElo "2523"]
[BlackElo "2624"]
[WhiteFideId "14109336"]
[BlackFideId "9301348"]
[EventDate "2015.10.13"]

1. e4 c5 2. Nf3 d6 3. d4 cxd4 4. Nxd4 Nf6 5. Nc3 a6 6. Be2 e5 7. Nb3 Be7 8. O-O
O-O 9. Re1 Be6 10. Bf3 Nbd7 11. a4 Qb8 12. a5 Bd8 13. Be3 b5 14. axb6 Nxb6 15.
Na5 Nc4 16. Nxc4 Bxc4 17. Qd2 Bb6 18. b3 Be6 19. Na4 Bxe3 20. Rxe3 Rd8 21. c4
Qc7 22. Rd3 Rab8 23. Rd1 h6 24. h3 Ne8 25. Bg4 Bxg4 26. hxg4 Qc6 27. f3 Rdc8 28.
g5 h5 29. Kh2 Qc7 30. Qe3 Qb7 31. Rc3 Qb4 32. Rcd3 Qb7 33. Qf2 Rc6 34. Qh4 g6
35. Qe1 Qe7 36. Qe3 Qe6 37. Qd2 Qc8 38. Qa5 Qb7 39. Qd5 Qc7 40. Rc3 Ng7 41. c5
dxc5 42. Rxc5 Rxc5 43. Nxc5 Qe7 44. Nd7 Rc8 45. Nf6+ Kh8 46. Qd7 Qxd7 47. Rxd7
Ne6 48. Rxf7 Nxg5 49. Ra7 Rc6 50. Nd7 Nf7 51. Nb8 Rb6 52. Nxa6 Nd6 53. Nc5 Nb5
54. Rb7 Rxb7 55. Nxb7 Kg7 56. Nc5 Kf6 57. Kg1 Ke7 58. Kf2 Kd6 59. Nd3 Nd4 60. b4
g5 61. Ke3 h4 62. Kf2 Nb5 63. Nb2 Nd4 64. Nc4+ Ke6 65. Ne3 Nb5 66. Nf5 Na3 67.
g3 hxg3+ 68. Kxg3 Nb5 69. Ne3 Nd4 70. Nd5 Kf7 71. Nc3 Ke6 72. b5 Kd6 73. b6 Kc6
74. Nd5 Ne6 75. Kg4 Nd4 76. Ne7+ Kxb6 77. Ng6 Nc6 78. Kf5 Nd4+ 79. Kg4 Nc6 80.
Kxg5 Kc5 81. Kf6 Kd6 82. Nh4 Nd4 83. Nf5+ Kd7 84. Nh4 Kd6 85. Kg5 Ke6 86. Kg4
Kf6 87. Ng2 Ne2 88. Ne3 Nd4 89. Nd5+ Ke6 90. Nb4 Kf6 91. Nd3 Ke6 92. f4 1/2-1/2

[Event "World Blitz 2015"]
[Site "Berlin GER"]
[Date "2015.10.14"]
[Round "17.44"]
[White "Zvjaginsev, Vadim"]
[Black "Motylev, Alexander"]
[Result "1-0"]
[WhiteTitle "GM"]
[BlackTitle "GM"]
[WhiteElo "2660"]
[BlackElo "2649"]
[WhiteFideId "4113403"]
[BlackFideId "4121830"]
[EventDate "2015.10.13"]

1. e4 c5 2. Nf3 d6 3. Bb5+ Nd7 4. O-O Nf6 5. Re1 a6 6. Bxd7+ Bxd7 7. e5 dxe5 8.
Nxe5 e6 9. d3 Bd6 10. Bf4 Be7 11. Qf3 Bc8 12. a4 O-O 13. Nc3 Nd5 14. Bg3 Nb4 15.
Rac1 f6 16. Nc4 e5 17. a5 Be6 18. Qxb7 Rb8 19. Qf3 Qd7 20. Nb6 Qc6 21. Qxc6 Nxc6
22. f4 f5 23. fxe5 Bg5 24. Nca4 Bxc1 25. Rxc1 Nxa5 26. b3 Rfd8 27. Bf2 Nb7 28.
Nxc5 Nxc5 29. Bxc5 f4 30. d4 g5 31. c4 Bf5 32. d5 Re8 33. Re1 Bc2 34. b4 Bd3 35.
e6 Rxb6 36. Bxb6 Bxc4 37. Re5 h6 38. d6 Bxe6 39. Rxe6 Rxe6 40. d7 1-0

[Event "World Blitz 2015"]
[Site "Berlin GER"]
[Date "2015.10.14"]
[Round "17.45"]
[White "Akopian, Vladimir"]
[Black "Schneider, Ilja"]
[Result "0-1"]
[WhiteTitle "GM"]
[BlackTitle "IM"]
[WhiteElo "2648"]
[BlackElo "2481"]
[WhiteFideId "13300032"]
[BlackFideId "4663306"]
[EventDate "2015.10.13"]

1. e4 Nc6 2. d4 d5 3. Nc3 e5 4. Nxd5 Nxd4 5. c3 Ne6 6. Nf3 c6 7. Ne3 Qxd1+ 8.
Nxd1 Nf6 9. Nxe5 Nxe4 10. Bc4 Nd6 11. Bb3 Nc5 12. Bc2 f6 13. Nf3 Bf5 14. Bxf5
Nxf5 15. O-O O-O-O 16. Ne3 Nd6 17. Rd1 Be7 18. Nd4 Rhe8 19. Bd2 Bf8 20. Be1 Ne6
21. Kf1 Nxd4 22. Rxd4 Nf7 23. Rad1 Bc5 24. Rxd8+ Rxd8 25. Rxd8+ Kxd8 26. Ke2 Kd7
27. c4 Bd6 28. h3 Be5 29. b3 Ke6 30. Kd3 Nd6 31. Ng4 Ba1 32. f3 h5 33. Ne3 Nf5
34. Nc2 Be5 35. Bf2 a6 36. g4 hxg4 37. hxg4 Nd6 38. Nd4+ Bxd4 39. Kxd4 Nf7 40.
Kc5 Kd7 41. Kb6 Kc8 42. Bd4 Ng5 43. f4 Nf3 44. Bc3 Nh2 45. g5 fxg5 46. f5 g4 47.
Bxg7 Nf3 48. f6 Ne5 49. Kc5 g3 50. Bh6 Nd7+ 51. Kd4 Nxf6 52. Kd3 Ng4 53. Bg7 c5 0-1

[Event "World Blitz 2015"]
[Site "Berlin GER"]
[Date "2015.10.14"]
[Round "17.46"]
[White "Grigoriants, Sergey"]
[Black "Bacrot, Etienne"]
[Result "0-1"]
[WhiteTitle "GM"]
[BlackTitle "GM"]
[WhiteElo "2603"]
[BlackElo "2697"]
[WhiteFideId "4130804"]
[BlackFideId "605506"]
[EventDate "2015.10.13"]

1. c4 e5 2. g3 Nc6 3. Bg2 g6 4. Nc3 Bg7 5. d3 f5 6. Nf3 Nf6 7. O-O O-O 8. Rb1 a5
9. a3 d6 10. b4 axb4 11. axb4 f4 12. b5 Ne7 13. c5 Kh8 14. Bb2 Bg4 15. b6 Bxf3
16. bxc7 Qd7 17. Bxf3 dxc5 18. Bxb7 Rac8 19. Bg2 fxg3 20. hxg3 Rxc7 21. Qa4 Qf5
22. Ne4 Ng4 23. Bf3 c4 24. Qa5 Rcc8 25. Bxg4 Qxg4 26. Bxe5 Nf5 27. Rb7 cxd3 28.
exd3 Rg8 29. Qa1 Qf3 30. Nd6 Rcf8 31. Rf7 Qd5 32. Bxg7+ Nxg7 33. Rxf8 Rxf8 34.
Ne4 Qxd3 35. Qe5 Re8 36. Nc5 Qxf1+ 0-1

[Event "World Blitz 2015"]
[Site "Berlin GER"]
[Date "2015.10.14"]
[Round "17.49"]
[White "Sasikiran, Krishnan"]
[Black "Heimann, Andreas"]
[Result "1-0"]
[WhiteTitle "GM"]
[BlackTitle "IM"]
[WhiteElo "2639"]
[BlackElo "2546"]
[WhiteFideId "5004985"]
[BlackFideId "24624632"]
[EventDate "2015.10.13"]

1. d4 Nf6 2. c4 e6 3. Nc3 Bb4 4. Bg5 c5 5. d5 O-O 6. e3 d6 7. Bd3 Nbd7 8. Ne2
exd5 9. cxd5 Ne5 10. O-O h6 11. Bh4 Ng6 12. Bg3 Nh5 13. a3 Bxc3 14. Nxc3 Nxg3
15. hxg3 Re8 16. Qc2 Ne5 17. Be2 Qf6 18. e4 Bd7 19. Rae1 Qg6 20. Qd2 a6 21. f4
Ng4 22. f5 Qh5 23. Bxg4 Qxg4 24. f6 Qg5 25. Re3 g6 26. Qf2 Re5 27. Qf4 Rae8 28.
Rfe1 b5 29. b4 c4 30. Nd1 Bc8 31. Nc3 Kh7 32. Nb1 Bb7 33. Nc3 Bc8 34. a4 Bd7 35.
axb5 Bxb5 36. Ra1 Kg8 37. Rf1 Rb8 38. Ra1 Rbe8 39. Kf2 Rb8 40. Qxg5 Rxg5 41.
Ree1 Re5 42. Ke3 Rbe8 43. Kd4 Rg5 44. Re3 Rg4 45. Nxb5 axb5 46. Ra6 c3 47. Kxc3
Rexe4 48. Rxe4 Rxe4 49. Rxd6 Rc4+ 50. Kb3 Rg4 51. Rd8+ Kh7 52. d6 Rxg3+ 53. Kc2
Rxg2+ 54. Kc3 Rg1 55. Kc2 Rg5 56. Rf8 Rd5 57. Rxf7+ Kg8 58. Rg7+ Kf8 59. d7 h5
60. Re7 1-0

[Event "World Blitz 2015"]
[Site "Berlin GER"]
[Date "2015.10.14"]
[Round "17.50"]
[White "Maze, Sebastien"]
[Black "Munoz Pantoja, Miguel"]
[Result "0-1"]
[WhiteTitle "GM"]
[BlackTitle "GM"]
[WhiteElo "2582"]
[BlackElo "2441"]
[WhiteFideId "613762"]
[BlackFideId "3800229"]
[EventDate "2015.10.13"]

1. e4 d5 2. exd5 Qxd5 3. Nf3 Bg4 4. Be2 Nc6 5. O-O O-O-O 6. h3 Bh5 7. d3 e5 8.
Nc3 Qa5 9. a3 Bxf3 10. Bxf3 Nd4 11. Bd2 Qb6 12. Bd5 Qg6 13. Bc4 f5 14. Re1 Bd6
15. Na2 Nf6 16. c3 Nc6 17. Nb4 Ne7 18. Qa4 Kb8 19. Be3 Nc8 20. f3 e4 21. dxe4
fxe4 22. f4 Nb6 23. Qb3 Qg3 24. a4 Bxf4 25. Bxf4 Qxf4 26. a5 Rd2 27. Be2 Qe3+
28. Kh1 Rxe2 29. Rxe2 Qxe2 30. axb6 cxb6 31. Qf7 Rd8 32. Qxg7 Rd1+ 33. Rxd1
Qxd1+ 34. Kh2 Qd6+ 35. Qg3 Kc7 36. Qxd6+ Kxd6 37. Kg3 a5 38. Nc2 Nd5 39. Nd4 Ke5
40. Kf2 a4 41. g3 a3 42. bxa3 Nxc3 43. Nc2 Nd5 44. Ke2 b5 45. Kd2 Kd6 46. Ne3
Nb6 47. Kc3 Kc5 48. Ng4 Nd5+ 49. Kd2 Kd4 50. h4 e3+ 51. Ke2 h5 52. Nh6 Ke4 53.
g4 Nf4+ 54. Ke1 Kf3 0-1

[Event "World Blitz 2015"]
[Site "Berlin GER"]
[Date "2015.10.14"]
[Round "17.51"]
[White "Shabalov, Alexander"]
[Black "Belov, Vladimir"]
[Result "1/2-1/2"]
[WhiteTitle "GM"]
[BlackTitle "GM"]
[WhiteElo "2522"]
[BlackElo "2614"]
[WhiteFideId "2008572"]
[BlackFideId "4132394"]
[EventDate "2015.10.13"]

1. d4 Nf6 2. c4 g6 3. Nc3 d5 4. Nf3 Bg7 5. Qb3 dxc4 6. Qxc4 O-O 7. e4 Na6 8. Be3
c5 9. d5 e6 10. Be2 exd5 11. exd5 Ng4 12. Bf4 Qb6 13. Qb5 Nb4 14. O-O Nf6 15.
Qc4 Bd7 16. Ne5 Bf5 17. Na4 Qa5 18. Nxc5 Nbxd5 19. Nb3 Qb6 20. Bg3 Rfe8 21. Bf3
Rac8 22. Qa4 Nb4 23. Rac1 Rxc1 24. Rxc1 h5 25. h3 h4 26. Bf4 Re7 27. Nc4 Qd8 28.
Qxb4 Rd7 29. Ne5 Nd5 30. Qc4 Nxf4 31. Nxd7 Qg5 32. Kh1 Bxd7 33. Nc5 Bf5 34. Re1
Bf6 35. Ne4 Bxe4 36. Rxe4 Ne6 37. Qc8+ Kg7 38. Qd7 Qc1+ 39. Kh2 Qxb2 40. Rxe6
Be5+ 41. Rxe5 Qxe5+ 42. Kg1 Qe1+ 43. Kh2 Qe5+ 44. g3 hxg3+ 45. fxg3 Qb2+ 46. Bg2
Qxa2 47. Qxb7 a5 48. Qd5 Qa1 49. Qc4 a4 50. Bd5 Qb2+ 51. Kg1 Qb1+ 52. Kf2 Qb2+
53. Kf3 a3 54. h4 Qf6+ 55. Kg2 Qb2+ 56. Kh3 Qf6 57. Qb3 Qf1+ 58. Kh2 Qe2+ 59.
Kg1 Qe1+ 60. Kg2 Qe2+ 61. Kh3 Qf1+ 62. Bg2 Qf5+ 63. Kh2 Qa5 64. Qa2 Qc3 65. Bd5
Qf6 66. Qxa3 Qd4 67. Qf3 Qa7 68. Kh3 Qd7+ 69. g4 Qa7 70. Qc3+ Kh7 71. Qf3 Kg7
72. Qxf7+ Qxf7 73. Bxf7 Kxf7 74. Kg3 Kf6 75. Kf4 g5+ 1/2-1/2

[Event "World Blitz 2015"]
[Site "Berlin GER"]
[Date "2015.10.14"]
[Round "17.52"]
[White "Pavlidis, Antonios"]
[Black "Moiseenko, Alexander"]
[Result "0-1"]
[WhiteTitle "GM"]
[BlackTitle "GM"]
[WhiteElo "2522"]
[BlackElo "2692"]
[WhiteFideId "4212312"]
[BlackFideId "14102560"]
[EventDate "2015.10.13"]

1. e4 c5 2. Nf3 Nc6 3. Bb5 d6 4. O-O Bd7 5. Re1 Nf6 6. c3 a6 7. Ba4 b5 8. Bc2
Bg4 9. h3 Bxf3 10. Qxf3 g6 11. a4 Rb8 12. axb5 axb5 13. Ra6 Qc8 14. Ra2 Bg7 15.
d3 O-O 16. Bf4 b4 17. Nd2 Nd7 18. Bg5 bxc3 19. bxc3 Bxc3 20. Rd1 Nb4 21. Ra3 Bb2
22. Ra7 Nxc2 23. Bxe7 Re8 24. Bxd6 Rb7 25. Rxb7 Qxb7 26. Rb1 Qc6 27. Nc4 Bg7 28.
h4 Nd4 29. Qd1 Ne5 30. Bxe5 Bxe5 31. h5 Bg7 32. Rb6 Qd7 33. Rd6 Qe7 34. hxg6
hxg6 35. Qa4 Rb8 36. g3 Nf3+ 37. Kg2 Ne5 38. Rd5 Nxc4 39. Qxc4 Bd4 40. e5 Rb2
41. Rd6 Rxf2+ 42. Kh3 Qxe5 43. Rxg6+ Kh7 44. Rg4 Qe6 45. Qb5 Rf6 46. Qb7 Rh6+
47. Kg2 Qe2# 0-1

[Event "World Blitz 2015"]
[Site "Berlin GER"]
[Date "2015.10.14"]
[Round "17.53"]
[White "Nikolic, Predrag"]
[Black "Bluebaum, Matthias"]
[Result "0-1"]
[WhiteTitle "GM"]
[BlackTitle "GM"]
[WhiteElo "2603"]
[BlackElo "2588"]
[WhiteFideId "14400014"]
[BlackFideId "24651516"]
[EventDate "2015.10.13"]

1. d4 d5 2. c4 e6 3. Nc3 Bb4 4. a3 Bxc3+ 5. bxc3 Nf6 6. Bg5 c5 7. cxd5 exd5 8.
Nf3 O-O 9. e3 Qa5 10. Bxf6 Qxc3+ 11. Nd2 gxf6 12. dxc5 d4 13. Qc1 Qa5 14. Bd3
dxe3 15. fxe3 Rd8 16. Qc2 Nd7 17. O-O Qxc5 18. Bxh7+ Kg7 19. Qe4 Nf8 20. Nb3 Qb6
21. Bf5 Qxb3 22. Qf3 Bxf5 23. Qxf5 Qxe3+ 24. Kh1 Qg5 25. Qf3 Rd7 26. Rab1 Rad8
27. Rb4 Ng6 28. Rg4 Rd3 29. Rxg5 Rxf3 30. Rxg6+ fxg6 31. gxf3 Rd3 32. a4 Ra3 33.
Rb1 b6 34. Rc1 Rxa4 35. Kg2 g5 36. Rc7+ Kg6 37. Kg3 a5 38. Rb7 Rb4 39. f4 Rb3+
40. Kf2 gxf4 41. h4 a4 42. Ke2 f3+ 43. Kf2 a3 0-1

[Event "World Blitz 2015"]
[Site "Berlin GER"]
[Date "2015.10.14"]
[Round "17.54"]
[White "Volokitin, Andrei"]
[Black "Piorun, Kacper"]
[Result "0-1"]
[WhiteTitle "GM"]
[BlackTitle "GM"]
[WhiteElo "2639"]
[BlackElo "2609"]
[WhiteFideId "14107090"]
[BlackFideId "1130420"]
[EventDate "2015.10.13"]

1. e4 e6 2. d4 d5 3. e5 c5 4. c3 Nc6 5. Nf3 Qb6 6. Na3 f6 7. Bd3 fxe5 8. dxe5
Nh6 9. O-O c4 10. Bc2 Nf7 11. b3 cxb3 12. axb3 Bc5 13. b4 Be7 14. Re1 Qc7 15.
Nb5 Qb8 16. Bf4 O-O 17. Qd3 g6 18. h4 a6 19. h5 Nh8 20. Bh6 axb5 21. Rxa8 Qxa8
22. Bxf8 Bxf8 23. Ng5 Qb8 24. hxg6 hxg6 25. Qh3 Qc7 26. Re3 Qg7 27. Qh4 Be7 28.
f4 Nf7 29. Rg3 Nxg5 30. fxg5 Nxe5 31. Qf4 Bd6 32. Rh3 Nf7 33. Qe3 e5 34. Rh4 e4
35. Qb6 Qxc3 36. Qxb5 Qe1+ 0-1

[Event "World Blitz 2015"]
[Site "Berlin GER"]
[Date "2015.10.14"]
[Round "17.55"]
[White "Sethuraman, S.P."]
[Black "Meier, Georg"]
[Result "0-1"]
[WhiteTitle "GM"]
[BlackTitle "GM"]
[WhiteElo "2640"]
[BlackElo "2654"]
[WhiteFideId "5021596"]
[BlackFideId "4675789"]
[EventDate "2015.10.13"]

1. d4 e6 2. Nc3 d5 3. Bf4 a6 4. Qd2 b5 5. f3 Bb7 6. e3 Nf6 7. g4 c5 8. dxc5 Bxc5
9. O-O-O Nc6 10. Kb1 Qb6 11. Nge2 O-O 12. Nd4 e5 13. Nxc6 exf4 14. Nd4 fxe3 15.
Qxe3 Rfe8 16. Qd2 Rac8 17. Bg2 Nd7 18. Nf5 d4 19. Qg5 g6 20. Ne4 Bxe4 21. fxe4
f6 22. Nh6+ Kg7 23. Qc1 Ne5 24. g5 d3 25. gxf6+ Qxf6 26. Rdf1 Qh4 27. Nf5+ gxf5
28. exf5 Kf6 29. Rf4 dxc2+ 30. Ka1 Nd3 31. Rxh4 Nxc1 32. Rxc1 Be3 0-1

[Event "World Blitz 2015"]
[Site "Berlin GER"]
[Date "2015.10.14"]
[Round "17.56"]
[White "Handke, Florian"]
[Black "Rakhmanov, Aleksandr"]
[Result "1-0"]
[WhiteTitle "GM"]
[BlackTitle "GM"]
[WhiteElo "2531"]
[BlackElo "2637"]
[WhiteFideId "4634527"]
[BlackFideId "4173708"]
[EventDate "2015.10.13"]

1. d4 Nf6 2. Nf3 d6 3. c4 g6 4. Nc3 Bf5 5. e3 Bg7 6. Bd3 Bxd3 7. Qxd3 O-O 8. O-O
Nbd7 9. e4 e5 10. d5 Nh5 11. Bd2 Nf4 12. Qc2 g5 13. g3 h5 14. gxf4 exf4 15. Kh1
g4 16. Ng1 f3 17. Bf4 Ne5 18. Nd1 Ng6 19. Qd2 Re8 20. Bg5 f6 21. Bh6 Rxe4 22.
Bxg7 Kxg7 23. Nc3 Rxc4 24. Rae1 Ne5 25. b3 Rb4 26. Ne4 Rb5 27. Ng3 Qh8 28. Rc1
Rc5 29. Rxc5 dxc5 30. d6 Rd8 31. Nf5+ Kg6 32. Qc2 Kf7 33. dxc7 Rd5 34. Rd1 Rxd1
35. Qxd1 Ke6 36. Nd6 g3 37. hxg3 Ng4 38. Nh3 1-0